[Event "Mittelfranken-ch QT 59th"]
[Site "Forchheim"]
[Date "2010.04.02"]
[Round "6"]
[White "Meulner, Fabian"]
[Black "Gehrmann, Marc"]
[Result "1-0"]
[WhiteElo "1256"]
[BlackElo "928"]
[PlyCount "103"]
[EventDate "2010.03.31"]
[EventType "swiss"]
[EventRounds "7"]
[EventCountry "GER"]
[SourceTitle "EXT 2011"]
[Source "ChessBase"]
[SourceDate "2010.11.26"]
[SourceVersion "1"]
[SourceVersionDate "2010.11.26"]
[SourceQuality "1"]

1. Nf3 Nc6 2. c4 e5 3. Nc3 Nf6 4. g3 Bb4 5. a3 Bxc3 6. dxc3 d6 7. Bg5 Bg4 8. Bg2 0-0 9. 0-0 h6 10. Bxf6 Qxf6 11. Nd2 Qe6 12. Bd5 Qd7 13. b4 Ne7 14. Bxb7 Rab8 15. Bg2 Bh3 16. e3 Bxg2 17. Kxg2 Qc6+ 18. Qf3 Qxf3+ 19. Kxf3 c6 20. Rfd1 d5 21. c5 e4+ 22. Ke2 Ng6 23. c4 Ne5 24. cxd5 cxd5 25. f3 exf3+ 26. Nxf3 Nxf3 27. Kxf3 Rfd8 28. c6 Rbc8 29. Rac1 Rd6 30. b5 a6 31. a4 axb5 32. axb5 Rf6+ 33. Ke2 Rd6 34. e4 d4 35. Kd3 Kh7 36. Rf1 Kg6 37. Rf5 f6 38. Rd5 Re6 39. Kxd4 Ree8 40. b6 Ra8 41. b7 Ra4+ 42. Rc4 Rxc4+ 43. Kxc4 Rxe4+ 44. Rd4 Re8 45. c7 f5 46. b8Q Rxb8 47. cxb8Q Kg5 48. h4+ Kg6 49. Qd6+ Kh7 50. h5 f4 51. Qg6+ Kg8 52. Rd8# 1-0